Elementos de mecánica de sólidos /

Gardado en:
Detalles Bibliográficos
Autor Principal: Cepeda Abril, Luis Eduardo (autor)
Formato: Libro
Idioma:Lingua castelá
Publicado: Bogotá, Colombia : Universidad Nacional de Colombia, 2002, c2002
Series:(Universidad Nacional de Colombia Textos ; 5)
Temas:
Etiquetas: Engadir etiqueta
Sen Etiquetas, Sexa o primeiro en etiquetar este rexistro!

MARC

LEADER 00000nam^a2200000^a^4500
001 000146432
005 20250521000000.0
009 20260310095911.604
020 |a 958-701-139-2 
037 |a Acervo ITESO - Biblioteca 
041 |a ESP 
082 |a 620. 105  |b CEP 
100 |a Cepeda Abril, Luis Eduardo  |e (autor) 
245 1 0 |a Elementos de mecánica de sólidos /  |c L.E. Cepeda Abril. 
264 4 |a Bogotá, Colombia :  |b Universidad Nacional de Colombia,  |c 2002, c2002 
300 |a 137 p. 
336 |a texto  |b txt  |2 rdacontenido 
337 |a sin mediación  |b n  |2 rdamedio 
338 |a volumen  |b nc  |2 rdasoporte 
440 1 |a (Universidad Nacional de Colombia Textos ;  |v 5) 
649 |a XX 
650 |a Sólidos 
650 |a Deformación 
650 |a Elasticidad 
650 |a Esfuerzo y Tensión 
650 |a Cables 
650 |a Vigas 
650 |a Armaduras (Estructuras) 
650 |a Estructuras 
650 |a Resistencia de Materiales 
650 |a Elementos Estructurales 
650 |a Dinámica de Cuerpos Rígidos 
650 |a Mecánica Analítica 
650 |a Ingeniería Civil 
910 |a Fondo General 
920 |a Impresos - Libros 
930 |a Colección General 
905 |a 101 
901 |a 0500075955  |b IT1  |c ACC  |u 20250521 
902 |a https://opac.biblio.iteso.mx/vufind/Record/000146432